• 首页
  • 本馆介绍
  • 公告通知
  • 最新文献
  • 馆藏检索
  • 电子资源
  • 读者导购
  • 参考咨询
  • 我的图书馆
  • 登录
  • 详细信息显示
  • 放入我的书架
  • 预约/预借图书
  • 作者相关作品
  • 分类相关作品
  • 丛书相关作品
  • 出版社相关作品

书目信息

  • 表格格式
  • 工作单格式
  • 卡片格式
题名:
织造参变数的理论与实践
    
 
作者: 董作成 编
分册:  
出版信息: 北京   纺织工业出版社  1980
页数: 360页
开本: 19cm
丛书名:
单 册:
中图分类: TS101
科图分类:
主题词: 手工业 , 手工业史 , 轻工业
电子资源:
ISBN:
000 00691nam0 2200253 45
001 0180003697
005 20051229090851.15
010    @dCNY1.10
091    @a15041.1078
100    @a19950421d1980 emky0chiy0121 ea
101 0  @achi
102    @aCN@b110000
105    @ay z 000yy
200 10 @a织造参变数的理论与实践@Azhi zao can bian shu de li lun yu shi jian@f董作成编@Fdong zuo cheng bian
210    @a北京@c纺织工业出版社@d1980
215    @a360页@d19cm
606 0  @a手工业
606 0  @a手工业史
606 0  @a轻工业
690    @aTS101
701  0 @a董作成@Adong zuo cheng@4编
801  2 @aCN@bNLC@c20051229
801  0 @aCN@b上海图书馆@c20040518
905    @f1@b41295@dTS101@e5
    
    织造参变数的理论与实践/董作成编.-北京:纺织工业出版社,1980
    360页;19cm
    
    
    ISBN :CNY1.10
    
●
相关链接 在E读中查询图书 在五车中查询图书 在当当中查询图书 在豆瓣中查询图书


正题名:织造参变数的理论与实践     索取号:TS101/5         预约/预借

序号 登录号 条形码 馆藏地/架位号 状态 备注
1 0041294   202181628   密集书库/ [索取号:TS101/5] 在馆    
2 0041295   001477798   第三借阅区/ [索取号:TS101/5] 在馆    
3 0041296   001477789   第二样本阅览室/ [索取号:TS101/5] 在馆    
唐山师范学院图书馆 欢迎您!
大连网信软件有限公司© 版权所有